I sacerdoti del Koinon d' Asia: I sec. a.C.- III sec. d.C. Contributo allo studio della romanizzazione delle élites provinciali nell' Oriente greco
Na minha lista:
| Autor principal: | |
|---|---|
| Formato: | Livro |
| Idioma: | Língua italiana |
| Publicado em: |
Pisa
Giardini Editore e Stampatori
1994
|
| Edição: | 1a. ed |
| Colecção: | Studi Ellenistici,
7 |
| Assuntos: | |
| Tags: |
Adicionar Tag
Sem tags, seja o primeiro a adicionar uma tag!
|
MARC
| LEADER | 00000cam a2200000 a 4500 | ||
|---|---|---|---|
| 001 | UCD9048 | ||
| 003 | CL-VaPUC | ||
| 005 | 20211030074401.0 | ||
| 008 | 170602e19940000it |||||||||||||||||ita|d | ||
| 999 | |c 368346 |d 368344 | ||
| 020 | |a 8842702781 | ||
| 040 | |c Pontificia Universidad Católica de Valparaíso | ||
| 082 | 0 | 4 | |a 938 CAM 1994 |2 21 |
| 100 | 0 | |a Campanile, Maria Domitilla |e author |9 592718 | |
| 245 | 1 | 2 | |a I sacerdoti del Koinon d' Asia: |b I sec. a.C.- III sec. d.C. Contributo allo studio della romanizzazione delle élites provinciali nell' Oriente greco |
| 250 | |a 1a. ed | ||
| 260 | |a Pisa |b Giardini Editore e Stampatori |c 1994 | ||
| 300 | |a 230 páginas | ||
| 490 | 0 | |a Studi Ellenistici, |v 7 | |
| 583 | |a last modification |c 20170602 23:29:00 |k Rodrigo Vera | ||
| 650 | 7 | |a HISTORIA DE GRECIA ANTIGUA |2 CL-VaPUC |9 520504 | |
| 650 | 0 | |a Civilización griega |9 265578 | |
| 942 | |c BK |2 ddc | ||
| 945 | |d 20170602 23:29:00 |a dcastane | ||
| 952 | |0 0 |1 0 |2 ddc |3 erb |4 0 |6 938_000000000000000_CAM_1994 |7 0 |8 A |9 483633 |a FDOLAF |b FDOLAF |e Laffi, Umberto, 1939- |i 5392055 |o 938 CAM 1994 |p 5392055 |r 2024-01-30 |t 1 |w 2019-11-24 |y BK |z Catalogado en:20170602 |k LAF | ||